000 00565nam a22002177a 4500
001 00028585
005 20260318115449.0
008 260318b ag ||||| |||| 00| 0 spa d
020 _a9789974685024
040 _aAR-CcCEOS
_bspa
_cAR-CcCEOS
041 _aspa
080 _a982
090 _bVAL
100 1 _aVallarino, Raúl
_9916
245 _aLópez Mena el zar del Río de La Plata /
_cRaúl Vallarino
250 _a1ª ed.
260 _aUruguay :
_bPlaneta,
_c2009.
300 _a220 p. ;
_c24x15 cm.
650 0 _ahistoria
_990
942 _2udc
_cBK
_n0
999 _c28615
_d28615